000 00835nam a2200253Ia 4500
003 OSt
005 20221005113335.0
006 a|||||r|||| 00| 0
007 ta
008 221004b |||||||| |||| 00| 0 pan d
020 _c250
024 _a6772
037 _b686, 12/06/2013, H.K. Prakashan
_cTextual
040 _aCRL
_cCRL
_bpan
041 _2pan
_apan
082 _a2, 153P6
100 _aਸਹਿਗਲ, ਪੀ ਸੀ
245 0 _aਲਾਇਬੇ੍ਰਰੀ ਅਤੇ ਪਾਠਕ
260 _aਪਟਿਆਲਾ
_bਮਦਾਨ ਪਬਲੀFਰਗ਼ ਭਾਰਤ
_c2006
300 _a269ਪੰ
_ccm.
650 _aਲਾਇਬ੍ਰੇਰੀ ਸਾਇੰਸ
_9160623
942 _h2, 153P6
_cTEXL
_2cc
999 _c1027855
_d1027855